000 00457nam a2200157 i 4500
001 45615
003 ES-MaACL
007 t|
008 030326s1956 sp ||||1| spa d
100 1 _aColmeiro Laforet, Carlos
_939772
245 1 0 _aOrto y ocaso del feminismo /
_cCarlos Colmeiro-Laforet.
260 _aVigo :
_b[s.n.,
_c1956] (
_fTip. Faro de Vigo)
300 _a283 p. ;
_c24 cm.
852 _aES-MaACL
_jC-9878
_bR.38577
999 _c45615
_d45615